ARRUPE JESUIT UNIVERSITY

CORONAVIRUS -STOP THE SPREAD - CLEAN,DISINFECT,COVER

The elephant stone, (Record no. 124762)

MARC details
000 -LEADER
fixed length control field 00725cam a22002531 4500
001 - CONTROL NUMBER
control field 7022280
003 - CONTROL NUMBER IDENTIFIER
control field ARRUPE
005 - DATE AND TIME OF LATEST TRANSACTION
control field 20160428115040.0
008 - FIXED-LENGTH DATA ELEMENTS--GENERAL INFORMATION
fixed length control field 840206s1959 enka 000 0 eng
010 ## - LIBRARY OF CONGRESS CONTROL NUMBER
LC control number 60026914
015 ## - NATIONAL BIBLIOGRAPHY NUMBER
National bibliography number GB60-1729
035 ## - SYSTEM CONTROL NUMBER
System control number (OCoLC)10381217
040 ## - CATALOGING SOURCE
Original cataloging agency DLC
Transcribing agency CLS
Modifying agency Uk
-- DLC
050 00 - LIBRARY OF CONGRESS CALL NUMBER
Classification number SK251
Item number .J65
082 00 - DEWEY DECIMAL CLASSIFICATION NUMBER
Classification number 799.296
300 ## - PHYSICAL DESCRIPTION
Other physical details illus.
Dimensions 22 cm.
100 1# - MAIN ENTRY--PERSONAL NAME
Personal name Jordan, John Alfred.
9 (RLIN) 24239
245 14 - TITLE STATEMENT
Title The elephant stone,
Statement of responsibility, etc by John Alfred Jordan as told to George Leith.
260 ## - PUBLICATION, DISTRIBUTION, ETC. (IMPRINT)
Place of publication, distribution, etc London,
Name of publisher, distributor, etc N. Kaye
Date of publication, distribution, etc [c1959]
300 ## - PHYSICAL DESCRIPTION
Extent 128 p.
650 #0 - SUBJECT ADDED ENTRY--TOPICAL TERM
Topical term or geographic name as entry element Hunting
Geographic subdivision Africa.
9 (RLIN) 5256
700 1# - ADDED ENTRY--PERSONAL NAME
Personal name Leith, George.
9 (RLIN) 24240
906 ## - LOCAL DATA ELEMENT F, LDF (RLIN)
a 7
b cbc
c oclcrpl
d u
e ncip
f 19
g y-gencatlg
942 ## - ADDED ENTRY ELEMENTS (KOHA)
Source of classification or shelving scheme Library of Congress Classification
Koha item type Monograph ( Printed materials)
Holdings
Withdrawn status Lost status Source of classification or shelving scheme Damaged status Not for loan Collection code Home library Current library Shelving location Date acquired Total Checkouts Full call number Barcode Date last seen Price effective from Koha item type
    Library of Congress Classification     Main Collection ARRUPE LIBRARY ARRUPE LIBRARY Main Collection 28/04/2016   SK251 .J65 46500006427 11/09/2019 28/04/2016 Monograph ( Printed materials)

 

Arrupe Library. PO Box MP320 Mt Pleasant, Harare, Zimbabwe
263 242 745411|librarian@aju.ac.zw